000
00185nam a22000977a 4500
082
_a
823
_b
PEG/O
100
_a
PEGGY
245
_a
ONE OF THE FAMILY
650
_a
ENGLISH STORY
942
_c
BK
999
_c
7737
_d
7737